|
|
|
|
| LEADER |
00000cam a2200000 7i4500 |
| 001 |
0000003154 |
| 005 |
20050308.0 |
| 020 |
0 |
0 |
|a 983203115X
|
| 090 |
0 |
0 |
|a 006.6869
|b PAL
|
| 100 |
0 |
0 |
|a Palani Murugappan
|
| 245 |
0 |
0 |
|a Power Point 2000 :
|b langkah demi langkah
|c Palani Murugappan ; diterjemahkan oleh M. Manimaran
|
| 260 |
0 |
0 |
|a Kuala Lumpur :
|b Venton Pub. ,
|c [2000?]
|
| 300 |
|
|
|a [iv], 202ms. :
|b il. ;
|c 25cm.
|
| 650 |
0 |
0 |
|a Business presentations
|x Graphic methods
|x Computer programs
|
| 650 |
0 |
0 |
|a Computer graphics
|x Computer programs
|
| 700 |
0 |
1 |
|a Manimaran, M.
|
| 999 |
|
|
|a 0000005545
|b Monograph
|c Open Shelf
|e Default branch
|